Ejercicios de sistema financiero espaǫl

Detalles Bibliográficos
Autor principal: Pampilln̤ Fernǹdez, Fernando
Formato: Desconocido
Lenguaje:español
Publicado: Madrid : Dykinson, 2003
Materias:
Acceso en línea:Acceso restringido

MARC

LEADER 00000ny a22000003n 4500
005 20110627125753.0
008 031119s2003 sp 001 0 spa c
017 |a D.L.M.9821-2003 
020 |a 9788497720441 
035 |a 211 
040 |a SpMaUCCE  |d vLex 
080 |a 336.7 
090 |c 1126  |d 1126 
100 1 |a Pampilln̤ Fernǹdez, Fernando 
245 1 0 |a Ejercicios de sistema financiero espaǫl  |h [Recurso electrn̤ico]  |c Fernando Pampilln̤ Fernǹdez 
256 |a Servicio en ln̕ea 
260 |a Madrid :  |b Dykinson,  |c 2003 
300 |a v. 
506 1 |a Contenido solo disponible en los productos indicados  |d vLex Global  |d vLex Global (Academic Edition, excluding Law Schools)  |d vLex Global (U.S. Academic Edition, Law Schools)  |d vLex Global (U.S. Academic Edition, excluding Law Schools)  |d vLex Global (Academic Edition, Law Schools) 
650 0 7 |a Tributario  |2 Tesauro vLex 
650 0 7 |a Actividad financiera  |2 Tesauro vLex 
740 0 |a vLex Libros (Servicios en ln̕ea) 
856 4 0 |u http://vlex.com/source/211  |z Acceso restringido 
942 |c BOOK